<?xml version="1.0" encoding="UTF-8"?>
<record
    xmlns:xsi="http://www.w3.org/2001/XMLSchema-instance"
    xsi:schemaLocation="http://www.loc.gov/MARC21/slim http://www.loc.gov/standards/marcxml/schema/MARC21slim.xsd"
    xmlns="http://www.loc.gov/MARC21/slim">

  <leader>00594nam a22001937a 4500</leader>
  <controlfield tag="003">MPLRDC</controlfield>
  <controlfield tag="005">20220104183507.0</controlfield>
  <controlfield tag="008">210129b           ||||| |||| 00| 0 eng d</controlfield>
  <datafield tag="020" ind1=" " ind2=" ">
    <subfield code="a">978-986-157-438-7</subfield>
  </datafield>
  <datafield tag="082" ind1=" " ind2=" ">
    <subfield code="a">528.21 KHO </subfield>
  </datafield>
  <datafield tag="100" ind1=" " ind2=" ">
    <subfield code="a">ANGELINE KHOO, ALBERT LIAU, ESTHER TAN</subfield>
  </datafield>
  <datafield tag="245" ind1=" " ind2=" ">
    <subfield code="a">&#x5B69;&#x5B50;&#x56DE;&#x5BB6;&#x53EA;&#x4E0A;&#x7F51;&#x600E;&#x4E48;&#x529E;&#xFF1F;</subfield>
    <subfield code="c">&#x6D2A;&#x6167;&#x82B3; &#x7F16;&#x8BD1;</subfield>
  </datafield>
  <datafield tag="250" ind1=" " ind2=" ">
    <subfield code="a">&#x521D;&#x7248;</subfield>
  </datafield>
  <datafield tag="260" ind1=" " ind2=" ">
    <subfield code="a">&#x53F0;&#x6E7E;</subfield>
    <subfield code="b">&#x7F8E;&#x5546;&#x9EA6;&#x683C;&#x7F57;. &#x5E0C;&#x5C14;&#x56FD;&#x9645;&#x80A1;&#x4EFD;&#x6709;&#x9650;&#x516C;&#x53F8;&#x53F0;&#x6E7E;&#x5206;&#x516C;&#x53F8;</subfield>
    <subfield code="c">2007</subfield>
  </datafield>
  <datafield tag="300" ind1=" " ind2=" ">
    <subfield code="b">&#x5E73;</subfield>
  </datafield>
  <datafield tag="490" ind1=" " ind2=" ">
    <subfield code="a">&#x6C9F;&#x901A;&#x52B1;&#x5FD7;&#x4E1B;&#x4E66;. CS036</subfield>
  </datafield>
  <datafield tag="650" ind1=" " ind2=" ">
    <subfield code="a">&#x5B50;&#x5973;&#x6559;&#x80B2;; &#x4EB2;&#x5B50;&#x6559;&#x80B2;</subfield>
  </datafield>
  <datafield tag="942" ind1=" " ind2=" ">
    <subfield code="c">BK</subfield>
    <subfield code="o">528.21 KHO </subfield>
  </datafield>
  <datafield tag="999" ind1=" " ind2=" ">
    <subfield code="c">62430</subfield>
    <subfield code="d">62420</subfield>
  </datafield>
  <datafield tag="952" ind1=" " ind2=" ">
    <subfield code="0">0</subfield>
    <subfield code="1">0</subfield>
    <subfield code="2">ddc</subfield>
    <subfield code="4">0</subfield>
    <subfield code="7">0</subfield>
    <subfield code="8">OSC</subfield>
    <subfield code="a">MPLRDC</subfield>
    <subfield code="b">MPLRDC</subfield>
    <subfield code="c">OSC</subfield>
    <subfield code="d">2009-04-30</subfield>
    <subfield code="g">31.40</subfield>
    <subfield code="l">0</subfield>
    <subfield code="o">528.21 KHO </subfield>
    <subfield code="p">00056899</subfield>
    <subfield code="r">2021-03-18</subfield>
    <subfield code="s">2010-06-08</subfield>
    <subfield code="w">2021-03-18</subfield>
    <subfield code="y">BK</subfield>
    <subfield code="z">mplrdc</subfield>
  </datafield>
</record>
